[Event "Moscow Open RSSU Cup 2020"]
[Site "Moscow"]
[Date "2020.02.01"]
[Round "8.10"]
[White "Makarian, Rudik"]
[Black "Pourramezanali, Amirreza"]
[Result "1-0"]
[WhiteElo "2403"]
[BlackElo "2488"]
[Annotator "TA"]
[PlyCount "120"]
[EventDate "2020.01.25"]
[EventType "swiss"]
[EventCountry "RUS"]
[SourceTitle "playchess.com"]
[Source "ChessBase"]
[SourceQuality "1"]

{[%evp 11,120,-15,0,-21,0,-12,-6,-6,-16,-12,15,-10,16,0,0,0,0,0,0,-40,0,-11,0,0,0,0,0,4,45,44,35,0,35,43,40,16,14,8,56,0,0,0,30,31,32,32,39,33,29,6,169,169,153,160,160,165,359,350,338,165,324,323,416,396,354,329,352,341,1001,1466,1276,689,1402,498,1428,1303,1196,1116,815,660,2914,2291,5414,4454,2662,1835,4748,5507,6083,6001,6001,1151,29973,29974,29974,29975,29975,29976,29976,29977,29977,29978,29978,29979,29979,29979,29979,29980,29984,29985,29987]} 1. d3 g6 2. g3 Bg7 3. Bg2 d5 4. f4 Nf6 5. Nf3 O-O 6. O-O c5 7. Ne5 {A03: Bird's Opening with 1...d5.} Nbd7 8. Nxd7 Bxd7 9. e4 {The position is equal.} dxe4 10. dxe4 {[#]} e5 $146 ({Predecessor:} 10... Bb5 11. Qxd8 Rfxd8 12. Re1 Bc6 13. Nc3 Ne8 14. e5 Bxg2 15. Kxg2 Nc7 16. a4 Nd5 17. Nxd5 Rxd5 {½-½ (38) Azaladze,S (2503)-Sanikidze,T (2508) Tbilisi 2015}) 11. Nc3 Bc6 12. Qe2 exf4 13. gxf4 Nh5 14. e5 $1 Bxg2 15. Kxg2 Qd7 16. Be3 f6 17. Qc4+ {[%mdl 64] Double Attack} ({Much worse is} 17. Bxc5 Qc6+ 18. Ne4 Rfc8 $17) 17... Kh8 18. e6 ({Don't go for} 18. Bxc5 $2 Rfc8 $19) 18... Qc6+ 19. Qd5 {Strongly threatening f5.} Rfe8 20. Qxc6 ({Don't play} 20. Bxc5 Rxe6 21. Rad1 f5 $15) 20... bxc6 21. Bxc5 Rxe6 22. f5 Re5 23. Bd6 Ree8 24. Rae1 Rad8 25. Bc7 (25. Bc5 $14) 25... Rd2+ $11 26. Rf2 Rxf2+ (26... Rxe1 {with more complications.} 27. Rxd2 Bh6 28. Rd8+ Kg7 29. Rd7+ Kg8) 27. Kxf2 Rxe1 28. Kxe1 {[%mdl 4096] Endgame KBN-KBN} Bf8 29. Ne2 Bc5 30. c3 Kg7 $2 (30... Ng7 $11 {and Black is okay.}) 31. b4 $18 Be3 {[#]} 32. Nd4 $1 Bxd4 33. cxd4 $16 {KB-KN} Kf7 $2 {[#]} (33... gxf5 34. d5 cxd5) 34. d5 $1 $18 {[%mdl 512]} cxd5 35. b5 (35. fxg6+ $142 hxg6 36. b5) 35... Ng7 $2 (35... gxf5 {was worth a try.} 36. a4 Ke6) 36. fxg6+ hxg6 37. Bb8 Ke7 38. Bxa7 {Hoping for b6.} Kd7 39. Bd4 Ne6 $2 (39... Ne8 40. a4 f5) 40. Bxf6 Kc7 41. a4 Kb6 42. Bc3 (42. Be7 $142 Nf4 43. Kd2) 42... d4 (42... Kc5 $142 43. Bf6 Kd6) 43. Bb4 Nf4 44. Be7 Nd3+ 45. Ke2 Nb2 46. Bd8+ Kc5 47. b6 Kc6 48. a5 d3+ 49. Kd2 Nc4+ 50. Kxd3 Nxa5 51. Kd4 Nb3+ {[#]} 52. Ke5 $1 {White mates.} Nd2 53. Kf4 Kb7 54. h3 Kc6 55. Kg5 Nf3+ 56. Kxg6 Ne5+ 57. Kf5 Nf3 58. Bc7 Nh4+ 59. Kg4 Ng2 60. h4 Kd5 {Accuracy: White = 86%, Black = 46%.} 1-0

[Event "Moscow Open RSSU Cup 2020"]
[Site "Moscow"]
[Date "2020.02.01"]
[Round "8.11"]
[White "Drygalov, Sergey"]
[Black "Truskavetsky, Alexandr"]
[Result "1-0"]
[WhiteElo "2477"]
[BlackElo "2398"]
[Annotator "TA"]
[PlyCount "105"]
[EventDate "2020.01.25"]
[EventType "swiss"]
[EventCountry "RUS"]
[SourceTitle "playchess.com"]
[Source "ChessBase"]
[SourceQuality "1"]

{[%evp 15,105,15,26,29,38,30,33,17,31,7,14,21,20,-15,20,26,13,6,14,6,18,8,4,4,16,5,9,-9,14,22,67,-64,-20,-98,-98,-102,-91,-151,-113,-150,-79,-72,-79,-79,-81,-145,-138,-117,-124,-166,-157,-182,-182,-194,-185,-190,-193,-189,-178,-258,-154,-574,-572,-817,-789,-1015,-743,-724,-591,-598,-533,-452,-445,-302,0,0,0,0,0,0,0,0,0,0,0,0,562,556,539,518,508,478]} 1. e4 c5 2. Nf3 Nc6 3. Bb5 g6 4. Bxc6 dxc6 5. d3 Bg7 6. h3 Nf6 7. Nc3 O-O 8. Be3 Nd7 9. Qd2 {B31: Sicilian: 2...Nc6 3 Bb5 g6} Re8 10. O-O b6 11. a3 {[%mdl 4] 11.Bh6 is the modern continuation.} a5 {[#]} 12. Rab1 $146 ({Predecessor:} 12. Nh2 e5 13. f4 exf4 14. Bxf4 Ne5 15. Bg5 f6 16. Bf4 Ra7 17. Nf3 Nxf3+ 18. Rxf3 {½-½ (40) Nozdrachev,L (2410)-Ivanov,O (2513) Moscow 2015}) 12... a4 13. Nh2 e5 14. Kh1 Nf8 15. f4 exf4 16. Bxf4 Ne6 17. Bh6 Nd4 $1 18. Bxg7 Kxg7 19. Rf2 b5 20. Rbf1 Ra7 $1 21. Nd1 h5 22. Ne3 Qd6 23. Nf3 (23. Rf6 $14 Qe5 24. g4) 23... Nxf3 $1 $15 24. Rxf3 (24. gxf3 $11 Qd4 25. Rg1) 24... Rxe4 $1 $17 {[%mdl 64] Pin} 25. Qf2 Ree7 26. Nd1 ({White should play} 26. g4) 26... Be6 27. Nc3 Bd5 (27... f5 $142 28. Qd2 Bf7) 28. Rf6 Qe5 29. Nxd5 Qxd5 30. Qg3 (30. c4 $142 bxc4 31. dxc4 Qxc4 32. Rxc6) 30... Rad7 31. R6f5 Qd4 $1 32. Rxh5 Qxb2 33. Rxc5 Re6 34. Qf3 Qxa3 35. Rxc6 Qe7 $1 36. Rxe6 Qxe6 $19 {[%mdl 4096] Endgame KQR-KQR} 37. Qf4 (37. Qd1 $142) 37... Qd6 ({Better is} 37... Qe7 $19 38. Qd2 a3) 38. Qg5 $2 (38. Qxd6 $17 Rxd6 39. Kh2) 38... b4 39. Qa5 a3 40. Rb1 Rb7 41. Qa8 Qb6 42. Rf1 Ra7 43. Qd5 Qe3 44. Qd6 Rb7 $2 (44... Qe7 $1 $19 {[%cal Re7d6]} 45. Qd4+ Kg8) 45. Qf6+ $11 Kg8 46. Qd8+ Kh7 (46... Kg7 $5 47. Qf6+ $8 Kg8 48. Qd8+ Kh7 49. Qh4+ Qh6 $11) 47. Qh4+ $1 Kg8 {...Qe7 is the strong threat.} (47... Kg7 $5 48. Qf6+ $8 Kg8 49. Qd8+ Kh7 50. Qh4+ Qh6 $11) 48. Qd8+ Kh7 {aiming for ...Qe5.} (48... Kg7 $5 49. Qf6+ $8 Kg8 50. Qd8+ $11) 49. Qh4+ $1 Kg7 {And now ...Qe5 would win.} (49... Kg8 $5 50. Qd8+ $8 $11) 50. Qf6+ Kh7 $2 {[%mdl 8192] [#]} (50... Kg8 $11 51. Qd8+) 51. Rf4 $1 $18 {[%cal Rf4h4] White is clearly winning.} Qxf4 52. Qxf4 a2 {[#]} 53. Qh4+ $1 {Accuracy: White = 62%, Black = 72%.} 1-0

[Event "Moscow Open RSSU Cup 2020"]
[Site "Moscow"]
[Date "2020.02.01"]
[Round "8.12"]
[White "Gabrielian, Artur"]
[Black "Korchmar, Vasiliy"]
[Result "0-1"]
[WhiteElo "2465"]
[BlackElo "2446"]
[Annotator "TA"]
[PlyCount "64"]
[EventDate "2020.01.25"]
[EventType "swiss"]
[EventCountry "RUS"]
[SourceTitle "playchess.com"]
[Source "ChessBase"]
[SourceQuality "1"]

{[%evp 9,94,12,16,0,0,0,0,0,0,0,-2,-5,0,0,0,0,0,-32,-22,-64,-15,-52,-68,-96,-52,-62,-46,-64,-34,-65,-49,-80,-73,-87,-58,-77,-77,-90,-35,-144,-156,-146,-130,-122,-111,-139,-118,-127,-43,-144,-69,-66,-52,-167,-44,-170,-164,-148,-143,-355,-233,-416,-414,-420,-75,-74,-63,-464,-462,-436,-371,-378,-387,-29967,-29964,-5802,-5741,-5741,-5818,-5818,-5581,-29991,-29992,-29992,-1258,-29990,-29991]} 1. e4 c5 2. Nf3 e6 3. g3 Nc6 4. Bg2 Nf6 5. Qe2 e5 $1 {[%mdl 4] has more calories than 5...d5.} 6. c3 {B40: Sicilian: 2...e6, Unusual lines} Be7 7. d3 O-O 8. O-O {The position is equal.} h6 9. Na3 Re8 10. Nc4 d6 11. Ne3 Be6 12. Nh4 d5 13. exd5 Nxd5 {[#]} 14. Nf3 $146 ({Predecessor:} 14. Nhf5 Bf8 15. Bxd5 Bxd5 16. Nxd5 Qxd5 17. Rd1 Rad8 18. Qg4 Kh7 19. Be3 b6 20. Qa4 {0-1 (36) Saulin,D (2390)-Kryakvin,D (2532) Sochi 2016}) 14... Qd7 15. Nc4 f6 16. Bd2 b5 17. Ne3 Rad8 18. Rfd1 Bf8 19. Qf1 Nb6 20. Be1 a6 21. Nh4 Ne7 22. b3 g5 23. Nf3 Ng6 (23... Bg7 $17) 24. b4 (24. Nd2 $15) 24... cxb4 $17 25. cxb4 Qf7 26. h3 f5 27. Qe2 Bg7 28. Rac1 f4 ({Much weaker is} 28... Bxa2 $6 29. Rc6 $14) (28... Rd6 $17 29. Bc3 Red8) 29. Ng4 ({Better is} 29. Rc6 $15) 29... Bf5 (29... Bd5 $17 30. Bc3 Qb7) 30. Rc6 $15 Re6 $36 {[%mdl 2048] Black is pushing.} 31. Qc2 ({White has to play} 31. Rxe6 $1 $15 Qxe6 32. Nxh6+ Bxh6 33. g4) 31... Red6 (31... Rxc6 $19 32. Qxc6 Nc4 $1 {[%mdl 576] Pin} 33. Qxa6 e4) 32. Qc5 (32. Nd2 $15) 32... Rxc6 {Played: Nb6-c4} 0-1

[Event "Moscow Open RSSU Cup 2020"]
[Site "Moscow"]
[Date "2020.02.01"]
[Round "8.13"]
[White "Osmak, Iulija"]
[Black "Afonasieva, Anna"]
[Result "1-0"]
[WhiteElo "2394"]
[BlackElo "2286"]
[Annotator "TA"]
[PlyCount "49"]
[EventDate "2020.01.25"]
[EventType "swiss"]
[EventCountry "RUS"]
[SourceTitle "playchess.com"]
[Source "ChessBase"]
[SourceQuality "1"]

{[%evp 13,91,19,22,18,19,21,15,17,12,10,37,34,34,34,41,35,39,28,41,27,12,20,27,21,16,6,12,19,33,18,27,35,33,35,72,83,83,50,76,18,29,39,72,25,38,27,101,110,131,152,206,206,193,189,174,125,342,312,276,191,222,137,134,130,137,132,135,135,135,133,136,0,21,49,29996,29992,29997,29997,29998,219]} 1. d4 d5 2. c4 c6 3. cxd5 cxd5 4. Nc3 Nf6 5. Bf4 Nc6 6. e3 Bf5 7. Qb3 Na5 8. Qa4+ {D10: Slav Defence: 3 cxd5 (without early Nf3) and 3 Nc3} Bd7 9. Qc2 e6 10. Bd3 {The position is equal.} Rc8 11. Nf3 Nc6 12. a3 Be7 13. h3 h6 14. O-O O-O 15. Qe2 Be8 {[#]} 16. Rad1 $146 ({Predecessor:} 16. Rfe1 Nh5 17. Bh2 f5 18. Na4 Qa5 19. Qd1 Nd8 20. Nc3 Qb6 21. Rc1 Bd6 22. Bxd6 Qxd6 {1-0 (40) Kelires,A (2510)-Sidhant,M (2338) Sitges 2019}) 16... Nh5 17. Bh2 f5 18. Ne5 Nf6 19. g4 Ne4 20. gxf5 Nxc3 21. bxc3 exf5 22. c4 $36 {[%mdl 2048] White has good play.} Nxe5 23. dxe5 Bxa3 24. cxd5 Qxd5 {[#]} 25. e4 {Played: Bd3xf5} 1-0

[Event "Moscow Open RSSU Cup 2020"]
[Site "Moscow"]
[Date "2020.02.01"]
[Round "8.14"]
[White "Guseva, Marina"]
[Black "Bodnaruk, Anastasia"]
[Result "0-1"]
[WhiteElo "2379"]
[BlackElo "2411"]
[Annotator "TA"]
[PlyCount "64"]
[EventDate "2020.01.25"]
[EventType "swiss"]
[EventCountry "RUS"]
[SourceTitle "playchess.com"]
[Source "ChessBase"]
[SourceQuality "1"]

{[%evp 28,64,79,74,77,79,91,60,60,68,68,68,68,67,64,42,39,28,30,39,43,-3,0,-454,-447,-610,-620,-624,-616,-620,-616,-582,-620,-616,-607,-559,-601,-593,-591]} 1. d4 Nf6 2. c4 g6 3. Nf3 Bg7 4. g3 d6 5. Bg2 O-O 6. O-O Nc6 7. Nc3 a6 8. d5 Na5 9. Nd2 c5 10. Qc2 Rb8 11. b3 b5 12. Bb2 Bf5 13. e4 Bd7 14. Nd1 bxc4 15. bxc4 e6 {E66: King's Indian: Fianchetto: 6...c5 7 0-0 Nc6 8 d5.} 16. Bc3 {[#]} Nh5 $146 ({Predecessor:} 16... exd5 17. cxd5 Ne8 18. Ne3 Bxc3 19. Qxc3 Rb4 20. e5 dxe5 21. Ne4 Rd4 22. Nxc5 Bc8 23. f4 Nd6 24. fxe5 Nb5 25. Qc1 Qe7 26. a4 Nc4 27. Nb3 Qa7 28. Nxd4 Nxd4 29. Qxc4 Nf5 30. Rxf5 {1-0 (30) Kukhmazov,A (2351)-Savitskiy,S (2347) Moscow 2014}) 17. Ne3 Bd4 {White is slightly better.} 18. Rab1 Rxb1 19. Rxb1 e5 20. Ndf1 Qc7 21. Be1 f5 22. exf5 gxf5 23. Bh3 {[%cal Rh3f5]} Ng7 24. Nd2 f4 {[%mdl 64] [#] Discovered Attack} 25. Bxd7 $4 {[%mdl 8192]} (25. Ng4 $11 {and White stays safe.}) 25... fxe3 $19 {Black is clearly winning.} ({Not} 25... Qxd7 26. Ng2 $15) 26. fxe3 Bxe3+ 27. Kg2 Qxd7 28. Nf1 Bd4 29. Bxa5 Rf2+ 30. Qxf2 Bxf2 31. Rb8+ Kf7 {[#] Strongly threatening ...Bd4.} 32. Kxf2 Qf5+ {Played: Qd7-a4} 0-1

[Event "Moscow Open RSSU Cup 2020"]
[Site "Moscow"]
[Date "2020.02.01"]
[Round "8.15"]
[White "Potapova, Margarita"]
[Black "Voit, Daria"]
[Result "1/2-1/2"]
[WhiteElo "2300"]
[BlackElo "2336"]
[Annotator "TA"]
[PlyCount "103"]
[EventDate "2020.01.25"]
[EventType "swiss"]
[EventCountry "RUS"]
[SourceTitle "playchess.com"]
[Source "ChessBase"]
[SourceQuality "1"]

{[%evp 20,103,36,46,68,33,47,15,45,43,33,28,37,2,7,0,0,0,0,-5,-6,-42,-23,-31,0,0,0,-35,-8,-8,-10,-5,-10,-10,0,0,0,0,0,0,0,0,0,0,0,0,0,0,0,0,0,0,0,-620,-581,-12839,-12839,-12840,-12839,-12839,-12839,-12843,-12843,-12844,-12844,-12845,-12843,-12845,-12845,-12846,-12847,-12847,-12847,-12848,0,0,0,0,0,0,0,0,0,0,0,0]} 1. d4 Nf6 2. c4 e6 3. Nc3 d5 4. cxd5 Nxd5 5. e4 Nxc3 6. bxc3 c5 7. Nf3 cxd4 8. cxd4 Bb4+ 9. Bd2 Qa5 10. Bxb4 Qxb4+ 11. Qd2 Nc6 {D41: Queen's Gambit Declined: Semi-Tarrasch with 5 cxd5} 12. Rc1 O-O 13. Bc4 {[#]} Rd8 $146 ({Predecessor:} 13... Qxd2+ 14. Kxd2 Rd8 15. Ke3 Bd7 16. a3 Rac8 17. d5 Na5 18. Ba2 exd5 19. exd5 Re8+ {1-0 (65) Miowitz,T (1858)-Lalaev,A (1656) Berlin 2018}) 14. Qxb4 Nxb4 15. Ke2 Bd7 16. Ke3 Ba4 17. Bb3 Bxb3 18. axb3 Rac8 19. Rhd1 a5 20. Rxc8 (20. Kd2 {with more complications.} g6 21. Rc4 f5 22. exf5 exf5 23. Rdc1) 20... Rxc8 $11 {[%mdl 4096] Endgame KRN-KRN} 21. d5 Rc3+ 22. Ke2 Rxb3 23. dxe6 fxe6 24. Rd8+ Kf7 25. Rd7+ Kf6 {Threatens to win with ...a4.} 26. Rxb7 Nd3 27. e5+ Kg6 28. Rxb3 Nc1+ {[%mdl 64] Double Attack} 29. Kd2 Nxb3+ {KN-KN} 30. Kc3 Nc5 31. Kd4 Nd7 32. g4 h5 33. h3 Nb6 34. Kc5 Nd5 35. Kb5 Nf4 36. Nd4 $2 {[%mdl 8192]} ({Much weaker is} 36. Kxa5 Nxh3 37. gxh5+ Kf5 $17) (36. Nh4+ $11 Kh6 37. Nf3) 36... h4 $19 37. Kxa5 Nxh3 38. Nxe6 Kf7 39. Nd4 Nxf2 40. e6+ Ke8 41. Nf5 g5 42. Kb6 Ne4 43. Nd4 h3 44. Nf3 Ke7 45. Kb5 Kxe6 46. Kc6 {[#]} Ke7 $2 (46... Kf6 $1 $19 47. Kd5 Nf2) 47. Kd5 $11 {The position is equal.} Nf6+ 48. Ke5 Nxg4+ 49. Kf5 {[#]} Ne5 $1 {[%mdl 512]} 50. Kxe5 (50. Nxe5 h2) 50... g4 51. Kf4 gxf3 52. Kxf3 {Accuracy: White = 78%, Black = 87%.} 1/2-1/2

[Event "Moscow Open RSSU Cup 2020"]
[Site "Moscow"]
[Date "2020.02.01"]
[Round "8.16"]
[White "Kovanova, Baira"]
[Black "Schepetkova, Margarita"]
[Result "1-0"]
[WhiteElo "2335"]
[BlackElo "2200"]
[Annotator "TA"]
[PlyCount "119"]
[EventDate "2020.01.25"]
[EventType "swiss"]
[EventCountry "RUS"]
[SourceTitle "playchess.com"]
[Source "ChessBase"]
[SourceQuality "1"]

{[%evp 9,138,2,27,25,46,22,22,-7,-11,-5,13,11,12,4,20,11,29,11,18,0,16,0,-2,-56,12,16,18,8,0,-43,-38,-45,-41,-26,-12,0,0,-22,-15,-18,-18,-20,-14,-16,-26,-17,-16,-18,0,-27,-27,-21,0,-42,0,-57,-44,-136,0,-124,-100,-107,79,79,87,80,81,65,65,65,65,65,65,65,81,81,276,271,654,654,642,644,644,642,649,542,925,914,893,881,881,866,881,859,852,852,837,837,834,829,819,805,783,754,888,607,1157,586,29959,29961,29964,549,29972,29973,29971,489,344,0,29968,29972,29973,29970,29989,29990,29990,29978,29993,29994,29995,29996,29996]} 1. d4 Nf6 2. Nf3 e6 3. c4 b6 4. g3 Ba6 5. Qc2 Bb4+ 6. Bd2 {E15: Queen's Indian: 4 g3 sidelines, 4 g3 Ba6 and 4 g3 Bb7 early deviations.} Be7 7. Bg2 {was the old line (7.e4).} O-O 8. Ne5 {The position is equal.} c6 9. Nc3 {[#]} Qc7 $146 ({Predecessor:} 9... d5 10. cxd5 cxd5 11. O-O Nfd7 12. Nxd7 Qxd7 13. Rfd1 Nc6 14. Qa4 Bb7 15. e4 dxe4 16. Bxe4 {½-½ (38) Haydon,D (2294)-Zhigalko,S (2604) chess.com INT 2019}) 10. Qa4 Bb7 11. O-O d6 12. Nd3 Nbd7 13. Rac1 a6 14. e4 c5 15. d5 b5 $1 {[%cal Rb5a4]} 16. cxb5 (16. Qd1 $11) 16... Nb6 (16... axb5 $15 17. Qb3 b4) 17. Qc2 $11 exd5 18. exd5 axb5 19. Nxb5 (19. b4 {keeps more tension.} Bxd5 20. Nxd5 Nbxd5 21. bxc5 dxc5 22. Qb3) 19... Qd7 20. Nc3 Nbxd5 21. Nxd5 Bxd5 22. Bxd5 Nxd5 23. Rfe1 Rfc8 24. b3 Bf6 25. Nf4 Nxf4 26. Bxf4 d5 27. Rcd1 h6 28. a4 Qb7 29. Qf5 Qxb3 30. Rxd5 c4 31. Bxh6 c3 32. Bc1 (32. Ra5 $11) 32... Qxa4 $15 33. Rd7 ({Better is} 33. h4 $15) 33... Re8 (33... Qc6 $17 {White must now prevent ...c2.} 34. Rdd1 c2) 34. Rf1 (34. Rxe8+ $1 $11 {remains equal.} Rxe8 35. Qd5) 34... Qc4 35. Bf4 c2 $2 (35... Rac8 $17 {and life is bright. Strongly threatening ...c2.} 36. Rc1 Re2) 36. Rc7 $16 Qb4 37. Rxc2 Re1 38. Rc1 Rxf1+ 39. Rxf1 Ra1 40. Rxa1 Bxa1 41. Be3 Bd4 42. Qe4 Qe1+ $2 (42... Bc5 $16 43. Qe8+ Bf8) 43. Kg2 $18 Bxe3 $2 (43... Bf6 44. Qe8+ Kh7 45. Qxf7 Qa5) 44. Qxe3 {[%mdl 4096] Endgame KQ-KQ} Qb1 45. Qe8+ Kh7 46. Qxf7 Qe4+ 47. Qf3 Qb1 48. Qd5 Qa1 49. h4 Qb2 50. Qe4+ Kg8 51. Qf5 Qb7+ 52. Kh2 Qb2 53. g4 Qb8+ 54. Kg2 Qb7+ 55. Qf3 Qb4 56. Kh3 Qb2 57. h5 Qc1 58. Kg2 Qc8 59. g5 Kh8 60. g6 {Played: h5-h6} 1-0

[Event "Moscow Open RSSU Cup 2020"]
[Site "Moscow"]
[Date "2020.02.01"]
[Round "8.17"]
[White "Protopopova, Anastasiya"]
[Black "Gritsayeva, Oksana"]
[Result "1/2-1/2"]
[WhiteElo "2233"]
[BlackElo "2383"]
[Annotator "TA"]
[PlyCount "126"]
[EventDate "2020.01.25"]
[EventType "swiss"]
[EventCountry "RUS"]
[SourceTitle "playchess.com"]
[Source "ChessBase"]
[SourceQuality "1"]

{[%evp 18,126,16,21,48,15,14,9,22,0,23,27,30,20,37,8,76,60,78,70,62,66,152,95,133,0,0,0,0,0,0,-95,-72,-95,0,-70,0,-104,0,0,0,0,0,0,0,0,39,8,118,118,112,122,111,2,15,3,226,251,238,242,205,80,86,91,79,85,91,111,88,88,259,252,269,262,269,266,260,253,250,231,450,450,446,444,666,666,29975,29976,29976,29977,29977,29978,29978,26,26,0,29978,26,26,0,0,0,0,0,0,0,0,0,0,0,0]} 1. d4 Nf6 2. c4 e6 3. Nc3 c5 4. d5 exd5 5. cxd5 d6 6. Nf3 g6 7. g3 Bg7 8. Bg2 O-O 9. O-O Re8 10. Bf4 Bf5 {A62: Modern Benoni: Fianchetto Variation without early ...Nbd7} 11. Bg5 (11. Nh4 $5 {[%cal Rh4f5]}) 11... h6 12. Bxf6 $1 Bxf6 13. Nd2 Na6 14. e4 Bd7 15. Nc4 Qe7 16. a4 Nc7 (16... Nb4 $11) 17. f4 $16 b5 18. axb5 Bd4+ 19. Kh1 Nxb5 {[#]} (19... Bxc3 $1 $14 20. bxc3 Bxb5) 20. Qd3 $146 (20. e5 $142 $1 {[%mdl 512]}) ({Predecessor:} 20. e5 dxe5 21. fxe5 Nxc3 22. bxc3 Bxc3 23. d6 Qe6 24. Bd5 Bxa1 25. Bxe6 Bxe6 26. Qxa1 Bxc4 {½-½ (31) Tomashevsky,E (2696)-Giri,A (2785) Moscow 2017}) 20... Rab8 {[#]} 21. Rae1 (21. e5 $1 $16 {[%mdl 512]}) 21... Nxc3 $11 22. bxc3 Rb3 $36 {[%mdl 2048] Black has the initiative.} 23. Rc1 Bb5 24. Rf3 (24. e5 $11) 24... Bg7 25. Re3 {[#]} Bd4 ({Better is} 25... Ra3 $1 $17 {[%mdl 512] aiming for ...Ra4.} 26. e5 (26. Nxa3 Bxd3) 26... Ra4) 26. Rf3 (26. Ree1 $11) 26... Bg7 27. Re3 {[#]} Qd8 (27... Ra3 $1 $17 {[%mdl 512]} 28. e5 (28. Nxa3 Bxd3) 28... Ra4) 28. Bf1 Qb8 29. Qd1 Bxc4 $1 30. Bxc4 Rb2 31. Qd3 Kf8 32. Rf1 Kg8 {[#]} (32... Qc8 $11 {remains equal.} 33. Ref3 Kg8) 33. e5 $1 $16 {[%mdl 512]} dxe5 34. d6 Qb7+ 35. Bd5 ({White must play} 35. Qe4 $1 $16) 35... Qd7 $11 36. Qxg6 {Black must now prevent fxe5.} e4 $2 (36... Rd2 $1 $11 37. Rd3 Kh8 38. Qxf7 Qxf7 39. Bxf7 Rxd3 40. Bxe8 Rxd6) 37. f5 $1 $18 {[%cal Rf5f6] Intending f6 and mate.} Kh8 38. Bxf7 Rf8 39. f6 (39. Rxe4 Qxf7 40. Qxf7 Rxf7 $17) (39. Bd5 $18 {is more deadly.} Rf6 40. Qh5) 39... Qxf7 $16 40. Qxf7 Rxf7 41. fxg7+ Kxg7 {[%cal Rf7f1]} 42. Rxf7+ Kxf7 43. Rxe4 {[%mdl 4096] Endgame KR-KR} Rd2 $2 (43... Rb3 $16 {might work better.}) 44. Re7+ $18 Kf6 45. Rxa7 Rxd6 46. Rc7 Rd5 47. c4 $1 {[%cal Rc4d5]} Rf5 48. Rc6+ Kg5 $2 (48... Kg7 49. Kg2 h5) 49. Kg2 Re5 {and the idea ...Re2+ leaves Black hopeful.} 50. h3 h5 (50... Re3 $142 51. Rxc5+ Kf6) 51. h4+ Kg4 52. Rg6+ Kf5 {[#]} 53. Rg5+ $1 {[%mdl 64] Double Attack} Ke4 54. Rxe5+ Kxe5 {K3P-KPP} 55. Kf2 $2 (55. Kh3 Kf5 {[#]} 56. g4+ $1 {[%mdl 512]} hxg4+ 57. Kg3 Ke5 58. Kxg4 Kf6 59. Kf4 Ke6 60. Ke4) 55... Ke4 $1 $11 56. Kg2 $2 {[%mdl 8192]} (56. Ke2 $11 Kd4 57. Kf3 Kxc4 58. g4 hxg4+ 59. Kxg4) 56... Ke5 $1 57. Kf1 $2 (57. Kh3 {mates} Kf6 58. g4 Ke5 59. gxh5 Kf6 60. Kg3 Kf7 61. Kf4 Kg7 62. Ke5) 57... Kd4 58. g4 hxg4 {The position is equal.} 59. Kf2 {White wants to mate with Kg3.} Ke4 ({Stronger than} 59... Kxc4 60. h5 Kd4 61. h6 Ke4 62. h7 Kf4 63. h8=Q g3+ 64. Kg2) 60. Kg3 Kf5 61. h5 {Strongly threatening h6.} Kg5 62. h6 $1 {[%cal Rh6h7]} Kxh6 {( -> ...Kg5)} 63. Kxg4 {Kf5 would kill now.} Kg6 {Accuracy: White = 69%, Black = 58%.} 1/2-1/2

[Event "Moscow Open RSSU Cup 2020"]
[Site "Moscow"]
[Date "2020.02.02"]
[Round "9.1"]
[White "Tsydypov, Zhamsaran"]
[Black "Martinez Alcantara, Jose Eduardo"]
[Result "1/2-1/2"]
[WhiteElo "2553"]
[BlackElo "2606"]
[Annotator "TA"]
[PlyCount "35"]
[EventDate "2020.01.25"]
[EventType "swiss"]
[EventCountry "RUS"]
[SourceTitle "playchess.com"]
[Source "ChessBase"]
[SourceQuality "1"]

{[%evp 16,35,23,31,38,29,40,37,39,29,23,-7,27,23,25,22,26,-7,1179,-969,-969,-1332]} 1. e4 e5 2. Nf3 Nc6 3. Bb5 a6 4. Ba4 Nf6 5. d3 d6 6. c3 Be7 7. Nbd2 O-O 8. O-O b5 9. Bc2 Re8 {C77: Ruy Lopez: 3...a6 4 Ba4 Nf6, unusual lines} 10. Re1 Bf8 11. Nf1 h6 {White is slightly better.} 12. Ng3 d5 13. d4 Bg4 14. exd5 Qxd5 15. Bb3 Qd7 {[#] Black wants to play ...exd4.} 16. dxe5 $146 (16. h3 $5 {[%cal Rh3g4]} Bxf3 17. Qxf3 $14) ({Predecessor:} 16. h3 Bxf3 17. Qxf3 exd4 18. Bxh6 d3 19. Bg5 Rxe1+ 20. Rxe1 Re8 21. Rxe8 Nxe8 22. Bd5 {½-½ (65) Sethuraman,S (2640)-Belov,V (2614) Berlin 2015}) 16... Qd6 $2 {[%mdl 8192] [#]} (16... Bxf3 $11 17. Qxd7 (17. Qxf3 Nxe5 18. Qd1 Bc5 $17) 17... Nxd7) 17. Qd3 $4 {[%mdl 8192]} (17. exd6 $18 Bxd6 18. Rxe8+ Rxe8 19. h3) 17... Qxd3 $19 18. Bd1 {[%mdl 32768] Accuracy: White = 52%, Black = 58%. . An unexpected result.} 1/2-1/2